Statystyki dla Lech Poznań

Kliknij tutaj aby rozwiązać quiz!

Ogólne statystyki

  • Ten quiz został rozwiązany 75 razy
  • Średni wynik to 16 z 39

Statystyki odpowiedzi

PodpowiedźLigaKlub% Poprawnych
KosaEkstraklasaLegia Warszawa
94%
Zgoda1 LigaArka Gdynia
92%
ZgodaEkstraklasaCracovia
89%
ZgodaEkstraklasaŁKS Łódź
76%
Kosa1 LigaWisła Kraków
74%
KosaEkstraklasaPogoń Szczecin
73%
KosaEkstraklasaŚląsk Wrocław
70%
KosaEkstraklasaWidzew Łódź
70%
Zgoda3 LigaKSZO Ostrowiec
68%
KosaEkstraklasaRuch Chorzów
68%
Kosa1 LigaLechia Gdańsk
65%
KosaEkstraklasaRaków Częstochowa
59%
KosaEkstraklasaKorona Kielce
52%
KosaEkstraklasaRadomiak Radom
52%
KosaWłochyJuventus
48%
Kosa3 LigaElana Toruń
47%
Kosa1 LigaPolonia Warszawa
44%
Kosa1 LigaZagłębie Sosnowiec
44%
KosaRosjaCSKA Moskwa
41%
Kosa2 LigaKKS Kalisz
39%
Kosa1 LigaMiedź Legnica
38%
KosaEkstraklasaPiast Gliwice
35%
Kosa1 LigaMotor Lublin
33%
KosaGruzjaDinamo Batumi
30%
Kosa2 LigaOlimpia Elbląg
29%
KosaHolandiaFeyenoord
27%
KosaŻużelUnia Leszno
23%
Kosa1 LigaStal Rzeszów
21%
Kosa2 LigaKotwica Kołobrzeg
18%
Kosa1 LigaResovia Rzeszów
18%
KosaBośnia i HercegowinaFK Sarajewo
15%
KosaOkręgówkaStal Bielsko-Biała
14%
Kosa2 LigaStal Stalowa Wola
14%
Kosa1 LigaGórnik Łęczna
12%
Kosa3 LigaStilon Gorzów Wielkopolski
11%
Kosa4 LigaPolonia Przemyśl
8%
Kosa3 LigaKarpaty Krosno
5%
Kosa3 LigaChełmianka Chełm
0%
Kosa3 LigaHetman Zamość
0%

Rozkład punktacji

Percentyl według liczby udzielonych odpowiedzi

Procent ludzi z każdym wynikiem

Twoja historia wyników

Nie rozwiązałeś tego quizu